000
00320nam a2200121Ia 4500
008
220217s9999||||xx |||||||||||||| ||und||
082
_a
894.814 3 KAR
100
_a
Karantha, Shivarama
245
0
_a
Mookajjiya kanasugalu
260
_a
Sapna book house
_b
Bangalore
_c
2007
300
_b
100
650
_a
GENERAL BOOKS
999
_c
175246
_d
175246